00610nam a2200205Ia 4500003000900000008004100009040001300050040001300063041000800076100001800084245001800102260002100120260000900141300000800150490001300158490000800171942000700179999001700186952020100203IT-RoPAU120407s9999 xx 000 0 und d aIT-RoPAU cIT-RoPAU aita aBlaise Pascal aPensieri (I) aEdizioni Paoline c1960 c cm aMaestri  v110 cBK c21225d21225 00102ddc406808_91100000000000071aPAULUSbPAULUSd2012-04-11l0o808.9110r2012-04-11 00:00:00w2012-04-11yBKzInserito da: Mario In data: 19 settembre 2011 fondo: Via A.Severo 56 Progr:28714